| 000 | 00483nam a2200169Ia 4500 | ||
|---|---|---|---|
| 008 | 231217s9999 xx 000 0 und d | ||
| 020 | _axviii, 169+A10 | ||
| 041 | _aEnglish | ||
| 082 | _a658.4 CHO.1;1 R | ||
| 100 | _aChowdary, Nagendra V ed. | ||
| 245 | 0 | _aCorporate governance in emerging markets V.1 | |
| 260 |
_c2004 _bIcfai _aHyderabad |
||
| 300 | _axxiii, 168+A10 | ||
| 400 | _aCorporate Governance Series | ||
| 650 | _aCorporate,governance,markets,V.1 | ||
| 942 | _cAA | ||
| 999 |
_c189196 _d189196 |
||